<?xml version="1.0" encoding="UTF-8"?>
<record
    xmlns:xsi="http://www.w3.org/2001/XMLSchema-instance"
    xsi:schemaLocation="http://www.loc.gov/MARC21/slim http://www.loc.gov/standards/marcxml/schema/MARC21slim.xsd"
    xmlns="http://www.loc.gov/MARC21/slim">

  <leader>01404cam a2200325 a 4500</leader>
  <controlfield tag="001">000001265</controlfield>
  <controlfield tag="005">20200929145526.0</controlfield>
  <controlfield tag="008">840316m19469999cl ach   b    001 0 spa d</controlfield>
  <datafield tag="040" ind1=" " ind2=" ">
    <subfield code="a">DO-SdBNP</subfield>
    <subfield code="c">BNPHU</subfield>
    <subfield code="b">spa</subfield>
  </datafield>
  <datafield tag="082" ind1=" " ind2=" ">
    <subfield code="a">983.04</subfield>
    <subfield code="b">A673a</subfield>
  </datafield>
  <datafield tag="110" ind1="2" ind2=" ">
    <subfield code="a">Archivo Nacional (Chile)</subfield>
    <subfield code="9">4289</subfield>
  </datafield>
  <datafield tag="245" ind1="1" ind2="0">
    <subfield code="a">Archivo de don Bernardo O'Higgins /</subfield>
    <subfield code="c">Archivo Nacional.</subfield>
  </datafield>
  <datafield tag="246" ind1="1" ind2="7">
    <subfield code="a">Archivo O'Higgins</subfield>
  </datafield>
  <datafield tag="260" ind1=" " ind2=" ">
    <subfield code="a">Santiago de Chile :</subfield>
    <subfield code="b">Valenzuela Basterrica y CIA,</subfield>
    <subfield code="c">[1946- ].</subfield>
  </datafield>
  <datafield tag="300" ind1=" " ind2=" ">
    <subfield code="a">v. :</subfield>
    <subfield code="b">il., facs&#xED;ms., retrs. ;</subfield>
    <subfield code="c">23 cm.</subfield>
  </datafield>
  <datafield tag="500" ind1=" " ind2=" ">
    <subfield code="a">"Archivo Nacional" -- sobre el t&#xED;tulo.</subfield>
  </datafield>
  <datafield tag="500" ind1=" " ind2=" ">
    <subfield code="a">"Ley 7367, de 20 de noviembre de 1942" -- Portada</subfield>
  </datafield>
  <datafield tag="500" ind1=" " ind2=" ">
    <subfield code="a">Descripci&#xF3;n basada en el tomo 10.</subfield>
  </datafield>
  <datafield tag="500" ind1=" " ind2=" ">
    <subfield code="a">Comisi&#xF3;n directora: Ricardo Donoso, Jaime Eyzaguirre, Guillermo Feli&#xFA; Cr&#xFA;z, Eugenio Pereira Salas, Luis Valencia Avaria -- v. 10.</subfield>
  </datafield>
  <datafield tag="505" ind1="2" ind2=" ">
    <subfield code="a">Tomo 10. Gazeta de Santiago de Chile --</subfield>
  </datafield>
  <datafield tag="600" ind1="1" ind2="0">
    <subfield code="a">O'Higgins, Bernardo,</subfield>
    <subfield code="d">1778-1842</subfield>
    <subfield code="x">ARCHIVOS.</subfield>
    <subfield code="9">4290</subfield>
  </datafield>
  <datafield tag="651" ind1=" " ind2="4">
    <subfield code="a">Chile</subfield>
    <subfield code="x">Historia</subfield>
    <subfield code="y">GUERRA DE LA INDEPENDENCIA, 1810-1824</subfield>
    <subfield code="x">Fuentes.</subfield>
    <subfield code="9">4291</subfield>
  </datafield>
  <datafield tag="651" ind1=" " ind2="4">
    <subfield code="a">Chile</subfield>
    <subfield code="x">Historia Diplom&#xE1;tica</subfield>
    <subfield code="y">1810-1824.</subfield>
    <subfield code="9">4292</subfield>
  </datafield>
  <datafield tag="700" ind1="1" ind2=" ">
    <subfield code="a">O'Higgins, Bernardo,</subfield>
    <subfield code="d">1778-1842.</subfield>
    <subfield code="t">Archivo de don Bernardo O'Higgins.</subfield>
    <subfield code="9">4293</subfield>
  </datafield>
  <datafield tag="700" ind1="1" ind2=" ">
    <subfield code="a">Donoso, Ricardo</subfield>
    <subfield code="9">4294</subfield>
  </datafield>
  <datafield tag="700" ind1="1" ind2=" ">
    <subfield code="a">Eyzaguirre, Jaime</subfield>
    <subfield code="9">4295</subfield>
  </datafield>
  <datafield tag="700" ind1="1" ind2=" ">
    <subfield code="a">Feli&#xFA; Cruz, Guillermo</subfield>
    <subfield code="9">4296</subfield>
  </datafield>
  <datafield tag="700" ind1="1" ind2=" ">
    <subfield code="a">Pereira Salas, Eugenio</subfield>
    <subfield code="9">4297</subfield>
  </datafield>
  <datafield tag="700" ind1="1" ind2=" ">
    <subfield code="a">Valencia Avaria, Luis</subfield>
    <subfield code="9">4298</subfield>
  </datafield>
  <datafield tag="952" ind1=" " ind2=" ">
    <subfield code="0">0</subfield>
    <subfield code="1">0</subfield>
    <subfield code="5">2</subfield>
    <subfield code="7">0</subfield>
    <subfield code="8">MO</subfield>
    <subfield code="a">GR</subfield>
    <subfield code="b">GR</subfield>
    <subfield code="c">HD</subfield>
    <subfield code="d">2009-07-23</subfield>
    <subfield code="e">002344</subfield>
    <subfield code="i">LF1</subfield>
    <subfield code="l">0</subfield>
    <subfield code="o">983.04 A673a | v.10</subfield>
    <subfield code="p">1265-10</subfield>
    <subfield code="r">2020-06-25</subfield>
    <subfield code="w">2020-06-25</subfield>
    <subfield code="y">2</subfield>
    <subfield code="Z">Pr&#xE9;stamo interno</subfield>
  </datafield>
  <datafield tag="999" ind1=" " ind2=" ">
    <subfield code="c">1208</subfield>
    <subfield code="d">1208</subfield>
  </datafield>
</record>
